|
|
|
|
| LEADER |
00000naa0a2200000 4500 |
| 001 |
651898 |
| 005 |
20250828164220.0 |
| 035 |
|
|
|a (RuTPU)RU\TPU\network\17161
|
| 035 |
|
|
|a RU\TPU\network\17118
|
| 090 |
|
|
|a 651898
|
| 100 |
|
|
|a 20161124d2016 k||y0rusy50 ba
|
| 101 |
0 |
|
|a eng
|
| 102 |
|
|
|a IT
|
| 135 |
|
|
|a drcn ---uucaa
|
| 181 |
|
0 |
|a i
|
| 182 |
|
0 |
|a b
|
| 200 |
1 |
|
|a Depth oscillations of electronuclear reactions caused by relativistic planar channelled electrons: quantum versus classical calculations
|f Yu. L. Eykhorn [et al.]
|
| 203 |
|
|
|a Text
|c electronic
|
| 300 |
|
|
|a Title screen
|
| 320 |
|
|
|a [References: 6 tit.]
|
| 463 |
|
1 |
|t Charged and Neutral Particles Channeling Phenomena
|o Book of Abstracts of the 7th International Conference, Sirmione, September 25-30, 2016
|v [P. 113]
|d 2016
|
| 610 |
1 |
|
|a электронный ресурс
|
| 610 |
1 |
|
|a труды учёных ТПУ
|
| 610 |
1 |
|
|a электроядерные реакции
|
| 610 |
1 |
|
|a колебания
|
| 610 |
1 |
|
|a релятивистские каналированные частицы
|
| 610 |
1 |
|
|a электроны
|
| 610 |
1 |
|
|a квантовые вычисления
|
| 610 |
1 |
|
|a классические решения
|
| 701 |
|
1 |
|a Eykhorn
|b Yu. L.
|c physicist
|c assistant at Tomsk Polytechnic University
|f 1991-
|g Yury Leonidovich
|3 (RuTPU)RU\TPU\pers\35247
|
| 701 |
|
1 |
|a Dudkin
|b G. N.
|c specialist in the field of nuclear physics
|c Senior researcher of Tomsk Polytechnic University, Candidate of physical and mathematical sciences
|f 1944-
|g Gennadiy Nikolaevich
|3 (RuTPU)RU\TPU\pers\34190
|9 17724
|
| 701 |
|
1 |
|a Korotchenko
|b K. B.
|c physicis
|c Professor of Tomsk Polytechnic University, doctor of physical and mathematical Sciences
|f 1949-
|g Konstantin Borisovich
|3 (RuTPU)RU\TPU\pers\31536
|9 15697
|
| 701 |
|
1 |
|a Pivovarov
|b Yu. L.
|c physicist
|c professor of Tomsk Polytechnic University
|f 1953-
|g Yuriy Leonidovich
|3 (RuTPU)RU\TPU\pers\31522
|
| 701 |
|
1 |
|a Tukhfatullin
|b T. A.
|c physicist
|c Associate Professor of Tomsk Polytechnic University, Candidate of physical and mathematical sciences
|f 1971-
|g Timur Ahatovich
|3 (RuTPU)RU\TPU\pers\33633
|
| 712 |
0 |
2 |
|a Национальный исследовательский Томский политехнический университет (ТПУ)
|b Физико-технический институт (ФТИ)
|b Кафедра экспериментальной физики (ЭФ)
|3 (RuTPU)RU\TPU\col\21255
|
| 712 |
0 |
2 |
|a Национальный исследовательский Томский политехнический университет (ТПУ)
|b Физико-технический институт (ФТИ)
|b Кафедра высшей математики и математической физики (ВММФ)
|3 (RuTPU)RU\TPU\col\18727
|
| 801 |
|
1 |
|a RU
|b 63413507
|c 20141010
|
| 801 |
|
2 |
|a RU
|b 63413507
|c 20161124
|g RCR
|
| 856 |
4 |
|
|u https://agenda.infn.it/contributionDisplay.py?contribId=97&sessionId=20&confId=10663
|
| 942 |
|
|
|c CF
|